00972cam a2200265 a 45000010008000000030005000080050017000130080041000300100017000710200015000880400018001030500021001210820016001421000022001582450086001802500055002662600046003213000053003675000111004205000022005315010008005536500017005617000026005787000102006044979829Nust20170504105539.0980421s1999 maua 001 0 eng  a 98021682  a0321022947 aDLCcDLCdDLC00aQA37.2b.L5 199900a510 LIA2211 aLial, Margaret L.10aMathematics with applications :bin the management, natural, and social sciences. a7th ed. /bMargaret L. Lial, Thomas W. Hungerford. aReading, Mass. :bAddison-Wesley,cc1999. axv, 804, 38, 22 p. :bill. (some col.) ;c26 cm. aRev. ed. of: Mathematics with applications in the management, natural, and social sciences. 6th ed. c1996. aIncludes indexes. aH.B 0aMathematics.1 aHungerford, Thomas W.1 aLial, Margaret L.tMathematics with applications in the management, natural, and social sciences.